| 000 | 01141nam a22003857a 4500 | ||
|---|---|---|---|
| 005 | 20250530122212.0 | ||
| 008 | 210811b2018 xxu||||| |||| 00| 0 spa d | ||
| 020 | _a9786071732767 | ||
| 041 | _aspa | ||
| 082 | _a658.402.2 F623t | ||
| 100 |
_aFlint, Mandy _960759 |
||
| 100 |
_aVinberg Hearn, Elisabet _960760 |
||
| 245 | _aTrabajar en equipo con liderazgo: 10 retos, 10 soluciones | ||
| 260 | _aMéxico | ||
| 260 | _bTrillas | ||
| 260 | _c2018 | ||
| 300 | _a211 páginas | ||
| 650 | _aEQUIPOS DE TRABAJO | ||
| 650 | _aHABILIDAD EJECUTIVA | ||
| 650 | _aGRUPOS PEQUEÑOS | ||
| 650 | _aCOMO SE CREA LA CONFIANZA EN LOS GRUPOS DE TRABAJO | ||
| 650 | _aCOMO SUPERAR LOS CONFLICTOS | ||
| 650 | _aCOMO ESTIMULAR A LOS EQUIPOS DE TRABAJO PARA QUE COMPARTAN INFORMACIÓN | ||
| 650 | _aPSICOLOGÍA INDUSTRIAL | ||
| 650 | _aCONFIANZA | ||
| 650 | _aCONFLICTOS | ||
| 650 | _aCOMPROMISO DEL EQUIPO DE TRABAJO | ||
| 650 | _aTRANSPARENCIA | ||
| 650 | _aAPERTURA | ||
| 650 | _aEQUIPO EFICIENTE | ||
| 650 | _aADMINISTRAR EL CAMBIO | ||
| 650 | _aALINEACIÓN DEL EQUIPO DE TRABAJO | ||
| 942 |
_cBK _2ddc |
||
| 999 |
_c13081 _d13081 |
||